Detalles MARC
| 000 -LIDER |
| fixed length control field |
01062nam a22003377a 4500 |
| 001 - NÚMERO DE CONTROL |
| Identificador de número de control |
0075 |
| 003 - IDENTIFICACDOR DE NÚMERO DE CONTROL |
| control field |
DO-SdBNP |
| 005 - DATE AND TIME OF LATEST TRANSACTION |
| control field |
20231030121546.0 |
| 007 - CAMPOS FIJOS DE DESCRIPCIÓN FÍSICA |
| fixed length control field |
0075 |
| 008 - ELEMENTOS DE LONGITUD FIJA |
| fixed length control field |
151103b2010 sp 00| 0 spa d |
| 020 ## - ISBN |
| International Standard Book Number |
9788466785365 |
| 040 ## - FUENTE DE CATALOGACIÓN |
| Agencia que crea de manera original el registro |
BPMSU |
| Idioma de catalogación |
spa |
| Agencia que realiza la transcripción |
BPMSU |
| 041 17 - CÓDIGOS DE OBRAS TRADUCIDAS O EN VARIOS IDIOMAS |
| Cód. del idioma original y/o traducciones intermedias del texto |
|
| 082 #4 - NÚMERO DE CLASIFICACIÓN DECIMAL DE DEWEY |
| Classification number |
823.6 |
| Item number |
S545f 2010 |
| Edition number |
22 |
| 100 1# - ASIENTO PRINCIPAL -- NOMBRE PERSONAL |
| Nombre personal |
Shelley, Mary W. |
| Fechas asociadas con el nombre |
1797-1851 |
| 245 10 - MENCIÓN DE TITULO |
| Título |
Frankenstein o el verdadero Prometeo / |
| Mención de responsabilidad |
Mary Wollstonegraft Shelley ; adaptación de Emilio Fontanilla Debesa ; ilustraciones de Luis Miguel Ybartz |
| 246 14 - VARIACION DEL TÍTULO |
| Título propiamente dicho o título corto |
Frankenstein |
| 260 ## - PUBLICACIÓN, DISTRIBUCIÓN, ETC. (PIE DE IMPRENTA) |
| Lugar de publicación, distribución, etc |
Madrid : |
| Nombre del editor, distribuidor, etc. |
Grupo Anaya, |
| Fecha de publicación, distribución, etc |
2010 |
| 300 ## - DESCRIPCIÓN FÍSICA |
| Extensión |
167 p. : |
| Otros detalles físicos |
il.,; |
| Dimensiones |
24 cm. |
| 490 0# - MENCIÓN DE SERIES |
| Mención de serie |
Clásicos a medida |
| 504 ## - NOTA DE BIBLIOGRAFÍA, ETC. |
| Bibliography, etc |
|
| 534 ## - NOTA SOBRE LA VERSIÓN ORIGINAL |
| Asiento principal del original |
Tìtulo original : |
| Mención del título original |
Frankenstein or, The modern prometheus |
| 590 ## - NOTA LOCAL |
| Texto de la nota local |
Inventariado, 2023/VM |
| 650 #4 - ENCABEZAMIENTO DE MATERIA--TEMÁTICO |
| Término temático o nombre geográfico como elemento de entrada |
Novela juvenil inglesa |
| 650 #4 - ENCABEZAMIENTO DE MATERIA--TEMÁTICO |
| Término temático o nombre geográfico como elemento de entrada |
Novela de ciencia ficción |
| 700 1# - ASIENTO SECUNDARIO -- NOMBRE PERSONAL |
| Nombre personal |
Ybartz, Luis Miguel |
| Mención de responsabilidad |
il. |
| 700 1# - ASIENTO SECUNDARIO -- NOMBRE PERSONAL |
| Nombre personal |
Fontanilla Debesa, Emilio |
| 830 00 - ASIENTO SECUNDARIO DE SERIE--TÍTULO UNIFORME |
| Título uniforme |
|
| Número de la parte o sección de una obra |
|
| 910 ## - VALIDACIÓN |
| Validación |
VMateo v. Control de calidad. BPMSU |
| 942 ## - ADDED ENTRY ELEMENTS (KOHA) |
| Source of classification or shelving scheme |
Dewey Decimal Classification |
| Koha item type |
Libros |